000 00378nam a2200145Ia 4500
008 210210b1976 xxu||||| |||| 00| 0 eng d
082 _a823.914 FOLK
100 _aFOLK TALES.
245 _aFolk tales of Burma.
260 _aN D
_bSterling Publishers Pvt Ltd.,
_c1976
300 _a112
650 _aFolk Tales of Burma
690 _aIndian English Fiction
906 _a034761
999 _c85786
_d85786